UCSC Library OPAC

Mosher Higlige Abhirahas Maranaya : The case of the Demure defendant (Record no. 28286)

MARC details
000 -LEADER
fixed length control field 00455nam a2200181Ia 4500
008 - FIXED-LENGTH DATA ELEMENTS--GENERAL INFORMATION
fixed length control field 240510s9999 xx 000 0 und d
020 ## - INTERNATIONAL STANDARD BOOK NUMBER
International Standard Book Number 9789558596913
041 ## - LANGUAGE CODE
Language code of text/sound track or separate title Sinhala
082 ## - DEWEY DECIMAL CLASSIFICATION NUMBER
Classification number 891.483
082 ## - DEWEY DECIMAL CLASSIFICATION NUMBER
Cutter number G16
100 ## - MAIN ENTRY--PERSONAL NAME
Personal name GARDNER, Erle Stanley
245 #0 - TITLE STATEMENT
Title Mosher Higlige Abhirahas Maranaya : The case of the Demure defendant
260 ## - PUBLICATION, DISTRIBUTION, ETC.
Name of publisher, distributor, etc. Colombo : Samanthi Publisher
260 ## - PUBLICATION, DISTRIBUTION, ETC.
Date of publication, distribution, etc. 2008
300 ## - PHYSICAL DESCRIPTION
Extent (Pages) 206 p.
942 ## - ADDED ENTRY ELEMENTS (KOHA)
Source of classification or shelving scheme Dewey Decimal Classification
942 ## - ADDED ENTRY ELEMENTS (KOHA)
Koha item type Lending Book
945 ## - LOCAL PROCESSING INFORMATION (OCLC)
creator borrowernumber 1
creator name Madushi Gamage
modifier borrowernumber 1
modifier name Madushi Gamage
Holdings
Withdrawn status Lost status Source of classification or shelving scheme Damaged status Not for loan Collection code Home library Current library Shelving location Date acquired Cost, normal purchase price Inventory number Total Checkouts Full call number Barcode Date last seen Price effective from Koha item type
    Dewey Decimal Classification     Lending Collection UCSC Library UCSC Library Lending Section 27/06/2024 350.00 9455   891.483 G16 A21258 27/06/2024 27/06/2024 Lending Book